| 000 | 00584nam a22001937a 4500 | ||
|---|---|---|---|
| 003 | OSt | ||
| 005 | 20160526184143.0 | ||
| 008 | 141028b xxu||||| |||| 00| 0 eng d | ||
| 020 | _a0853696314 | ||
| 040 | _cDNLM | ||
| 082 | _aQV740B777 1996. | ||
| 100 |
_aBritish Medical Association _91555 |
||
| 245 |
_aBritish National Formulary 49 march 2005 / _cBritish Medical Association |
||
| 260 |
_aEngland: _bRoyal Pharmaceutical Society; _c1996. |
||
| 300 |
_ax,607 p : _c25cm |
||
| 504 | _aIncludes Bibliographical references and references | ||
| 650 |
_aBNF _91556 |
||
| 942 |
_2z _cO_SHELF |
||
| 999 |
_c4179 _d4179 |
||